Macroeconomic imbalances - Cyprus

Enregistré dans:
Détails bibliographiques
Collectivité auteur: European Commission
Format: Livre
Langue:anglais
Publié: Luxembourg Publications Office of the European Union 2012
Collection:European economy
Sujets:
Tags: Ajouter un tag
Pas de tags, Soyez le premier à ajouter un tag!

MARC

LEADER 00000nam$a2200000$$$4500
001 0160208
005 20240318114504.8
020 |a 978-92-79-22883-4 
022 |a 1725-3195 
041 0 |a eng 
044 |a LU 
245 1 0 |a Macroeconomic imbalances - Cyprus 
264 1 |a Luxembourg  |b Publications Office of the European Union  |c 2012 
300 |a 44 s. 
490 1 |a European economy 
830 0 |a European economy 
610 2 0 |a situácia hospodárska 
610 2 0 |a makroekonomika 
610 2 0 |a nerovnováha hospodárska 
610 2 0 |a rozvoj hospodársky 
610 2 0 |a bilancia finančná 
610 2 0 |a konkurencieschopnosť 
610 2 0 |a náklady práce 
610 2 0 |a kurz výmenný 
610 2 0 |a ceny 
610 2 0 |a sektor súkromný 
610 2 0 |a vývoz 
610 2 0 |a zadlženosť vnútorná 
610 2 0 |a zadlženosť zahraničná 
610 2 0 |a organizácie nefinančné 
610 2 0 |a financie verejné 
610 2 0 |a politika bytová 
610 2 0 |a banky 
610 2 0 |a Cyprus 
710 2 |a European Commission